[Event "GBR-ch U100 op 105th"]
[Site "Hull"]
[Date "2018.07.30"]
[Round "1"]
[White "Bienvenu, Antoine"]
[Black "Acharya, Kandara"]
[Result "0-1"]
[WhiteElo "1273"]
[BlackElo "1452"]
[PlyCount "70"]
[EventDate "2018.07.30"]
[EventType "swiss"]
[EventRounds "5"]
[EventCountry "ENG"]
[SourceTitle "EXT 2021"]
[Source "ChessBase"]
[SourceDate "2020.10.23"]
[SourceVersion "1"]
[SourceVersionDate "2020.10.23"]
[SourceQuality "1"]

1. d4 Nf6 2. Bf4 g6 3. Nf3 Bg7 4. e3 0-0 5. Bd3 d6 6. Nbd2 c5 7. c3 Nc6 8. Qc2 Bd7 9. Ne4 Nxe4 10. Bxe4 Rc8 11. h4 b6 12. h5 cxd4 13. hxg6 hxg6 14. Bxc6 Bxc6 15. exd4 Bxf3 16. gxf3 Bxd4 17. Be3 Bg7 18. Bh6 e5 19. Bxg7 Kxg7 20. Qd2 Rh8 21. 0-0-0 Rc6 22. f4 Qf6 23. Rxh8 Kxh8 24. Rh1+ Kg8 25. fxe5 dxe5 26. Rd1 Qf4 27. Qxf4 exf4 28. Kd2 Rd6+ 29. Ke1 Rxd1+ 30. Kxd1 Kg7 31. Ke2 Kf6 32. a4 Ke5 33. f3 f5 34. b4 g5 35. c4 Kd4 0-1

[Event "GBR-ch Yates op 105th"]
[Site "Hull"]
[Date "2018.07.28"]
[Round "2"]
[White "Bienvenu, Antoine"]
[Black "Lambton, David"]
[Result "1-0"]
[WhiteElo "1273"]
[BlackElo "107"]
[PlyCount "39"]
[EventDate "2018.07.27"]
[EventType "swiss"]
[EventRounds "5"]
[EventCountry "ENG"]
[SourceTitle "EXT 2021"]
[Source "ChessBase"]
[SourceDate "2020.10.23"]
[SourceVersion "1"]
[SourceVersionDate "2020.10.23"]
[SourceQuality "1"]

1. d4 f5 2. Bf4 Nf6 3. Nf3 e6 4. e3 Be7 5. Bd3 0-0 6. Nbd2 d6 7. c3 Nc6 8. a3 Nd5 9. Bg3 Bf6 10. Bc4 Nb6 11. Qc2 Kh8 12. h4 Nxc4 13. Nxc4 Bd7 14. 0-0-0 Qb8 15. e4 fxe4 16. Qxe4 d5 17. Qc2 dxc4 18. Ng5 Bxg5+ 19. hxg5 g6 20. Qxg6 1-0